000 00712nam a2200241 i 4500
001 C2-0267381
003 PPAK
005 20180727234618.0
008 050915s2004 enka|||| ||||| | eng d
020 _a1405304774
040 _aPPAK
_beng
_cPPAK
_erda
082 0 4 _a796.334
_223
090 0 0 _a796.334
_bGOL
_dR
100 1 _aGoldblatt, David,
_eauthor
245 1 0 _aFootball yearbook 2004 - 2005 :
_bthe complete guide to the world game
264 1 _aLondon :
_bDorling Kindersley ,
_c2004
300 _a528 pages :
_bcolour illustrations ;
_c26 cm
336 _2rdacontent
_atext
337 _2rdamedia
_aunmediated
338 _2rdacarrier
_avolume
650 1 0 _aSoccer - Periodicals.
942 _ddc
_cB
999 _c76364
_d76364